Größte Städte Deutschlands, die auf -ingen enden - Statistiken

Allgemein
  • Dieses Quiz wurde 310 mal gespielt
  • Das Durchschnittsergebnis liegt bei 6 aus 12
Antwortstatistiken
Bundesland Einwohner Stadt % Korrekt
Baden-Württemberg 115.865 Reutlingen
72%
Baden-Württemberg 91.506 Tübingen
68%
Nordrhein-Westfalen 159.245 Solingen
61%
Baden-Württemberg 94.145 Esslingen am Neckar
60%
Baden-Württemberg 64.905 Sindelfingen
56%
Baden-Württemberg 85.707 Villingen-Schwenningen
56%
Niedersachsen 118.911 Göttingen
54%
Baden-Württemberg 57.813 Göppingen
45%
Baden-Württemberg 55.604 Waiblingen
32%
Nordrhein-Westfalen 87.520 Ratingen
31%
Niedersachsen 54.708 Lingen (Ems)
27%
Nordrhein-Westfalen 54.438 Hattingen
19%
Keine übereinstimmenden Quizze gefunden
Verteilung der Resultate
Anzahl Personen mit jedem Resultat
Perzentil nach korrekt beantworteten Fragen
Ihre Resultats-Entwicklung
Sie haben dieses Quiz noch nicht gespielt